Limca book of records, 2025 (Record no. 213408)

MARC details
000 -LEADER
fixed length control field 00899nam a22002297a 4500
003 - CONTROL NUMBER IDENTIFIER
control field dpl
005 - DATE AND TIME OF LATEST TRANSACTION
control field 20250909161956.0
008 - FIXED-LENGTH DATA ELEMENTS--GENERAL INFORMATION
fixed length control field 250909b |||||||| |||| 00| 0 eng d
010 ## - LIBRARY OF CONGRESS CONTROL NUMBER
LC control number B-771695
020 ## - INTERNATIONAL STANDARD BOOK NUMBER
International Standard Book Number 9789357314961
Terms of availability 650.00
035 ## - SYSTEM CONTROL NUMBER
System control number B-771695
037 ## - SOURCE OF ACQUISITION
Stock number dpl
Source of stock number/acquisition Uppal Book Store
Terms of availability 650.00
040 ## - CATALOGING SOURCE
Transcribing agency Hachette, India
082 ## - DEWEY DECIMAL CLASSIFICATION NUMBER
Classification number 032.02
245 ## - TITLE STATEMENT
Title Limca book of records, 2025
Remainder of title India at her best/
Statement of responsibility, etc edited by Vatsala Kaul Banerjee
260 ## - PUBLICATION, DISTRIBUTION, ETC. (IMPRINT)
Place of publication, distribution, etc Gurugram
Name of publisher, distributor, etc Hachette Book Publishing India Pvt. Ltd.
Date of publication, distribution, etc 2025
270 ## - ADDRESS
Address 4th & 5th Floors, Corporate Center, Plot No. 94,Sector 44
City Gurugram
Country India
Postal code 122003
300 ## - PHYSICAL DESCRIPTION
Extent 496p.
Other physical details ill.
Dimensions 27cm(Hb)
500 ## - GENERAL NOTE
General note Coloured Illustrations and pictures
942 ## - ADDED ENTRY ELEMENTS (KOHA)
Source of classification or shelving scheme Dewey Decimal Classification
Koha item type Reference Books
Classification part 030.02
Call number suffix LIM
Holdings
Withdrawn status Lost status Source of classification or shelving scheme Damaged status Use restrictions Not for loan Collection code Home library Current library Shelving location Date acquired Source of acquisition Cost, normal purchase price Total Checkouts Full call number Barcode Date last seen Cost, replacement price Price effective from Koha item type
    Dewey Decimal Classification   Restricted Access Not For Loan Reference Central Library Central Library Reference 26/03/2025 Purchase 650.00   030.02 LIM B-771695 09/09/2025 650.00 09/09/2025 Reference Books

© Delhi Public Library
Hit Counter
free hit counter